| 000 | 00714nam a22002057a 4500 | ||
|---|---|---|---|
| 008 | 131212t1983 ua a gr||||f000 0 ara d | ||
| 020 | _z977020322 | ||
| 082 | 0 | 4 |
_222 _a335.4 _bم ح م |
| 100 | 1 |
_934614 _aمحمود، مصطفى، _d1921-2009 |
|
| 245 | 1 | 2 |
_aالماركسية والإسلام / _cمصطفى محمود. |
| 250 | _aط. 4. | ||
| 260 |
_aالقاهرة : _bدار المعارف، _cح.1983. |
||
| 300 |
_a85 ص. : _bرسوم ؛ _c20 سم. |
||
| 590 | _aBook for the road program. | ||
| 650 | 0 |
_927771 _aالماركسية _xفلسفة |
|
| 650 | 0 |
_915046 _aالإسلام والشيوعية |
|
| 653 |
_bAra _cDecember2012 |
||
| 655 |
_vreading book _934232 |
||
| 942 |
_2ddc _cBB _k335.4 م ح م |
||
| 999 |
_c17845 _d17817 |
||